Statistics for Mia and me theme song all lyrics

Click here to take the quiz!

General Stats

  • This quiz has been taken 6 times
  • The average score is 96 of 228

Answer Stats

HintAnswer% Correct
3 | 89magic
100%
36 | 60 | 121 | 145a
67%
22 | 75 | 78 | +11 othersand
67%
1By
67%
20 | 87 | 106by
67%
5 | 23 | 28 | +12 othersI
67%
161Me
67%
66 | 76 | 81 | +8 othersme
67%
205Mia
67%
2 | 14 | 88 | +2 othersthe
67%
6 | 92was
67%
44 | 129another
33%
27 | 48 | 113 | +2 othersas
33%
26 | 112back
33%
59 | 144be
33%
4 | 90book
33%
17 | 103Centopia
33%
63 | 77 | 82 | +8 otherscome
33%
54 | 139darkness
33%
24 | 110 | 191don't
33%
37 | 122dream
33%
29 | 115explore
33%
55 | 140falls
33%
40 | 125fantasy
33%
9 | 95far
33%
200feel
33%
64 | 79 | 84 | +9 othersfly
33%
12 | 98flying
33%
202 | 218 | 228free
33%
184go
33%
57 | 142got
33%
52 | 137ground
33%
206here
33%
61 | 146hero
33%
193if
33%
11 | 97 | 204 | 207I'm
33%
119 | 181 | 196is
33%
33Is
33%
34 | 120it
33%
35 | 43 | 128just
33%
45 | 130kind
33%
192know
33%
25 | 111look
33%
42 | 127maybe
33%
74 | 159Mo
33%
51 | 136my
33%
10 | 96now
33%
16 | 46 | 102 | 131of
33%
67 | 152oh
33%
38 | 41 | 123 | 126or
33%
32 | 118place
33%
47 | 132reality?
33%
197really
33%
198realy
33%
195see
33%
7 | 93sent
33%
15 | 101 | 180sky
33%
8 | 94 | 201 | +2 othersso
33%
39 | 124some
33%
50 | 135stand
33%
19 | 21 | 105 | 107step
33%
190still
33%
203There
33%
30 | 116this
33%
13 | 58 | 99 | +2 othersto
33%
62 | 147today
33%
177up
33%
104walking
33%
18Walking
33%
53 | 138when
33%
182where
33%
65 | 72 | 80 | +8 otherswith
33%
31 | 117wondrous
33%
68 | 69 | 70 | +5 othersyeah
33%
73 | 158Yuko
33%

Score Distribution

Percentile by Number Answered

Percent of People with Each Score

Your Score History

You have not taken this quiz